Ideový návrh inovácie laserového zariadenia na výrobu kovových dielov metódou aditívnej výroby

Guardado en:
Detalles Bibliográficos
Autor principal: Richnák, Marek (Autor)
Otros Autores: Ružarovský, Roman (Orientador)
Formato: Manuscrito Libro
Lenguaje:eslovaco
Publicado: 2021
Materias:
Acceso en línea:http://is.stuba.sk/zp/portal_zp.pl?podrobnosti=158195
Etiquetas: Agregar Etiqueta
Sin Etiquetas, Sea el primero en etiquetar este registro!

MARC

LEADER 00000ntm a22000003a 4500
001 stuzp84218
003 SK-STU
005 20210612212754.9
007 ta
008 150427s2015----xo-----f-mn---000-0-slo-d
040 |a STU  |b slo 
041 0 |a slo 
100 1 |a Richnák, Marek  |u 063000  |k Z4  |4 aut  |U MTF Materiálovotechnologická fakulta  |T MTF Ústav výrobných technológií  |X 85673  |U M3000  |Y 83  |7 85673 
242 0 1 |a Conceptual design of laser device innovation for the production of metal parts by the method of additive production  |y eng 
245 1 0 |a Ideový návrh inovácie laserového zariadenia na výrobu kovových dielov metódou aditívnej výroby 
260 |c 2021 
650 4 |a CNC  |2 slo 
650 4 |a Arduino  |2 slo 
650 4 |a 3D tlač  |2 slo 
650 4 |a SLM metóda  |2 slo 
650 4 |a CNC  |2 eng 
650 4 |a Arduino  |2 eng 
650 4 |a 3D printing  |2 eng 
650 4 |a SLM method  |2 eng 
700 1 |a Ružarovský, Roman  |u 063800  |k Z1  |4 ths  |U MTF Ústav výrobných technológií  |T MTF Katedra výrobných zariadení a systémov  |X 30883  |U M3800  |Y 660  |7 A000030883 
856 4 |u http://is.stuba.sk/zp/portal_zp.pl?podrobnosti=158195 
996 |c M* DP-14759  |l MMSKP  |s P  |a 0  |w stuzp84218_0001